Sick puppy (Record no. 11571)
[ view plain ]
| 000 -LEADER | |
|---|---|
| fixed length control field | 00456nam a22001817a 4500 |
| 003 - CONTROL NUMBER IDENTIFIER | |
| control field | LC |
| 005 - DATE AND TIME OF LATEST TRANSACTION | |
| control field | 20160310103211.0 |
| 008 - FIXED-LENGTH DATA ELEMENTS--GENERAL INFORMATION | |
| fixed length control field | 121116t xxu||||| |||| 00| 0 eng d |
| 020 ## - INTERNATIONAL STANDARD BOOK NUMBER | |
| International Standard Book Number | 9780446604666 |
| 050 ## - LIBRARY OF CONGRESS CALL NUMBER | |
| Classification number | PS 3558 |
| Item number | .H623 2001 |
| 082 ## - DEWEY DECIMAL CLASSIFICATION NUMBER | |
| Classification number | FIC |
| Item number | H52s 1999 |
| 100 ## - MAIN ENTRY--PERSONAL NAME | |
| Personal name | Hiaasen, Carl |
| 245 ## - TITLE STATEMENT | |
| Title | Sick puppy |
| Statement of responsibility, etc | Carl Hiaasen |
| 260 ## - PUBLICATION, DISTRIBUTION, ETC. (IMPRINT) | |
| Place of publication, distribution, etc | New York : |
| Name of publisher, distributor, etc | Warner Books, Inc, |
| Date of publication, distribution, etc | 2001. |
| 300 ## - PHYSICAL DESCRIPTION | |
| Extent | 513 p. : |
| Dimensions | 17 cm. |
| 942 ## - ADDED ENTRY ELEMENTS (KOHA) | |
| Source of classification or shelving scheme | Library of Congress Classification |
| Koha item type | Books |
| Withdrawn status | Lost status | Source of classification or shelving scheme | Damaged status | Home library | Current library | Shelving location | Date acquired | Total Checkouts | Full call number | Barcode | Date last seen | Copy number | Price effective from | Koha item type |
|---|---|---|---|---|---|---|---|---|---|---|---|---|---|---|
| Library of Congress Classification | Luxembourg Library | Luxembourg Library | Fiction Section | 09/17/2013 | PS 3558 .H623 2001 | 14304 | 09/17/2013 | 1 | 09/17/2013 | Books |